000 00611cam a2200217 a 4500
001 0000005789
005 20170406121005.0
008 930604s1992 rh a 000 1 eng
010 _a 93980016
020 _a0797410813
035 _9(DLC) 93980016
040 _aDLC
_cDLC
050 0 0 _aPR9390.9.D4
_bM74 1992
082 0 0 _a823
_220
100 1 _aDe la Harpe, Maureen.
245 1 0 _aM'sasa morning /
_cby Maureen de la Harpe.
260 _aHarare, Zimbabwe :
_bRoblaw Publishers,
_c1992.
300 _aiii, 250 p. :
_bill. ;
_c21 cm.
651 0 _aZimbabwe
_vFiction.
908 _a150507
999 _c5559
_d5559